Works of Washington Irving (Record no. 434113)

000 -LEADER
fixed length control field 00504cam a22001457a 4500
008 - FIXED-LENGTH DATA ELEMENTS--GENERAL INFORMATION
fixed length control field 180718b1859 xxu||||| |||| 00| 0 eng d
082 ## - DEWEY DECIMAL CLASSIFICATION NUMBER
Classification number A38 ir8w
100 ## - MAIN ENTRY--PERSONAL NAME
Personal name Irving, Washington
245 ## - TITLE STATEMENT
Title Works of Washington Irving
Statement of responsibility, etc. by Washington Irving
260 ## - PUBLICATION, DISTRIBUTION, ETC.
Place of publication, distribution, etc. London
Name of publisher, distributor, etc. Henry
Date of publication, distribution, etc. 1859
300 ## - PHYSICAL DESCRIPTION
Extent 10v.
500 ## - GENERAL NOTE
General note Contents; v.1., 280p.; v.2., 242p.; v.3., 138p.; v.4., 296p.; v.5., 492p.; v.6., 481p.; v.7., 962p.; v.8., 137p.; v.9., 268p.; v.10., 280p.
650 ## - SUBJECT ADDED ENTRY--TOPICAL TERM
Topical term or geographic name entry element Irving, Washington
650 ## - SUBJECT ADDED ENTRY--TOPICAL TERM
Topical term or geographic name entry element Works
Holdings
Withdrawn status Lost status Damaged status Not for loan Permanent Location Current Location Date acquired Full call number Barcode Date last seen Price effective from Koha item type
        Indian Institute of Public Administration Indian Institute of Public Administration 2010-02-12 A38 ir8w A1504 2018-07-21 2018-07-21 A
        Indian Institute of Public Administration Indian Institute of Public Administration 2010-02-12 A38 ir8w A1503 2018-07-21 2018-07-21 A
        Indian Institute of Public Administration Indian Institute of Public Administration 2010-02-12 A38 ir8w A981 2018-07-21 2018-07-21 A
        Indian Institute of Public Administration Indian Institute of Public Administration 2010-02-12 A38 ir8w A980 2018-07-21 2018-07-21 A
        Indian Institute of Public Administration Indian Institute of Public Administration 2010-02-12 A38 ir8w A979 2018-07-21 2018-07-21 A
        Indian Institute of Public Administration Indian Institute of Public Administration 2010-02-12 A38 ir8w A978 2018-07-21 2018-07-21 A
        Indian Institute of Public Administration Indian Institute of Public Administration 2010-02-12 A38 ir8w A977 2018-07-21 2018-07-21 A
        Indian Institute of Public Administration Indian Institute of Public Administration 2010-02-12 A38 ir8w A976 2018-07-21 2018-07-21 A
        Indian Institute of Public Administration Indian Institute of Public Administration 2010-02-12 A38 ir8w A974 2018-07-21 2018-07-21 A
        Indian Institute of Public Administration Indian Institute of Public Administration 2010-02-12 A38 ir8w A973 2018-07-21 2018-07-21 A

Powered by Koha